| 000 | 00908nam a2200253Ia 4500 | ||
|---|---|---|---|
| 003 | OSt | ||
| 005 | 20220923211548.0 | ||
| 006 | a|||||r|||| 00| 0 | ||
| 007 | ta | ||
| 008 | 220922b |||||||| |||| 00| 0 pan d | ||
| 020 |
_a9789384187392 (hbk) _c240 |
||
| 024 | _a349,537 | ||
| 037 |
_b175, 15/02/2019, National Book Shop _cTextual |
||
| 040 |
_aARTS _cARTS _bpan |
||
| 041 |
_2pan _apan |
||
| 082 | _aY73(P153):351, 153Q4 | ||
| 100 |
_aਕਗ਼ਾਕ, ਕਿਰਪਾਲ, ਂਚ. _9156349 |
||
| 245 | 0 | _aਪਰੰਪਰਾ ਸਭਿਆਚਾਰ ਤੇ ਕਬੀਲੇ | |
| 260 |
_aਲੁਧਿਆਨਾ _b ਚੇਤਨਾ ਪ੍ਰਕਾFਨ _c2014 |
||
| 300 |
_a156ਪ੍ਰ0 _ccm. |
||
| 650 | _aਸਭਿਆਚਾਰ | ||
| 942 |
_hY73(P153):351, 153Q4 _cTEXL _2CC |
||
| 999 |
_c300802 _d300802 |
||